000 00431pab a2200169 454500
008 180718b1969 xxu||||| |||| 00| 0 eng d
100 _aDubhashi, P.R.
245 _aSatisfaction of an administrative career
260 _c1969
300 _ap.110-117.
362 _aJan-Mar
650 _aCareer development
650 _aCivil service
773 _aIndian Journal of Public Administration
908 _aN
909 _a100064
999 _c100063
_d100063